| 000 | 00711nam a22002297a 4500 | ||
|---|---|---|---|
| 999 |
_c13492 _d13492 |
||
| 003 | AR-CdUCM | ||
| 008 | 190415b ||||| |||| 00| 0 spa d | ||
| 040 |
_aMUNICIPALIDAD PROVINCIAL DEL CUSCO _cBIBLIOTECA MUNICIPAL DEL CUSCO |
||
| 082 |
_aES / 373.808 / _bN56 |
||
| 100 |
_aNieto Degregon, Luis _931927 |
||
| 245 |
_aLa joven que subio al cielo : _bCuento / |
||
| 260 |
_aCusco : _bEl zorro de abajo ediciones, _c1988. |
||
| 300 |
_a72 paginas ; _bilustraciones, _c20 cm. |
||
| 500 | _aCuento | ||
| 650 |
_aCuento _94671 |
||
| 650 |
_aHistoria _9136 |
||
| 650 |
_aLiteratura _983 |
||
| 650 |
_aSiglo XX _98 |
||
| 700 |
_aNieto Degregon, Gonzalo _931928 |
||
| 942 |
_2ddc _cLIBROS |
||
| 945 |
_apjha _d2019-04-15 |
||